Statistics for Countries with 'Iran' in Their Name

Click here to take the quiz!

General Stats

  • This quiz has been taken 262 times
    (254 since last reset)
  • The average score is 10 of 31

Answer Stats

Country% Correct
Iran
85%
Argentina
56%
Turkmenistan
44%
Ireland
43%
Armenia
40%
Azerbaijan
38%
Dem. Rep. of the Congo
38%
United Arab Emirates
38%
St. Vincent & the Grenadines
37%
Nigeria
36%
Central African Republic
35%
Ukraine
35%
Romania
34%
Dominican Republic
33%
Trinidad & Tobago
33%
Mauritania
32%
Antigua & Barbuda
30%
Fed. States Micronesia
30%
Nicaragua
30%
Bosnia & Herzegovina
28%
Switzerland
28%
Bahrain
26%
Marshall Islands
24%
Suriname
24%
Equatorial Guinea
23%
Burkina Faso
21%
Sri Lanka
20%
Sierra Leone
19%
San Marino
18%
Singapore
18%
São Tomé & Príncipe
16%

Score Distribution

Percentile by Number Answered

Percent of People with Each Score

Your Score History

You have not taken this quiz since the last reset